| 000 | 01627cam a2200373 a 4500 | ||
|---|---|---|---|
| 001 | EDZ0000019084 | ||
| 003 | StDuBDS | ||
| 005 | 20161031105132.0 | ||
| 006 | m||||||||d|||||||| | ||
| 007 | cr ||||||||||| | ||
| 008 | 110107s2005 enka fo| 001|0|eng d | ||
| 020 |
_a9781848608146 (ebook) : _cNo price |
||
| 040 |
_aStDuBDS _beng _cStDuBDS _epn |
||
| 049 | _aAlfaisal Main Library | ||
| 050 | 0 |
_aLC4801 _b.H36 2005 |
|
| 082 | 0 | 4 |
_a371.94 _223 |
| 245 | 0 | 0 |
_aHandbook of emotional & behavioural difficulties _h[electronic resource] / _cedited by Peter Clough ... [et al.]. |
| 246 | 3 | _aEmotional & behavioural difficulties | |
| 260 |
_aLondon : _bSAGE, _c2005. |
||
| 300 |
_a1 online resource (xv, 446 p.) : _bill. |
||
| 520 | 8 | _aTo help the reader understand and help those suffering from EBDs this volume has three sections. The first views those with emotional and behavioural difficulties in relation to society in general, the second in terms of individual education systems and the last in terms of what these behaviours mean to sufferers. | |
| 521 | _aSpecialized. | ||
| 588 | _aDescription based on print version record. | ||
| 504 | _aIncludes bibliographical references and index. | ||
| 650 | 0 |
_aProblem children _xEducation. |
|
| 650 | 0 |
_aProblem children _xBehavior modification. |
|
| 650 | 0 | _aAdjustment disorders in children. | |
| 655 | 7 |
_aElectronic books. _2local |
|
| 700 | 1 |
_aClough, Peter, _d1949- |
|
| 710 | 2 | _aSage eBooks | |
| 776 | 0 | 8 |
_iPrint version : _z9780761940661 |
| 856 | 4 | 0 | _uhttp://ezproxy.alfaisal.edu/login?url=http://sk.sagepub.com/reference/hdbk_behaviour |
| 942 |
_2lcc _cEBOOKS |
||
| 999 |
_c480060 _d480060 |
||